000 01037nam0a22002651 4500
001 rc\4443148
005 20250611174205.0
021 _aRU
_bРг6828-64
035 _a(NLR Aleph) 008316432
090 _a8729911
_c8729911
100 _a20130416d1964 |||y0rusy50 ca
101 0 _arus
102 _aRU
105 _ay z |||||
200 1 _aИнструкции о приемке, отпуске и хранении материальных ценностей
_fСовнархоз Мурман. экон. района. ЦБТИ. Упр. материально-техн. снабжения
210 _aМурманск
_cБ. и.
_d1964
215 _a46 с.
_d20
300 _aНа 46-й с. сост.: Р.А. Заявлин
702 1 _aЗаявлин
_bР.А.
_4220
712 0 2 _aМурманский совет нар. хозяйства. Управление материально-техн. снабжения
801 0 _aRU
_bNLR
_gpsbo
801 1 _aRU
_bELAR
_2rusmarc
852 _aNLR
_j64-4/16829
942 _cBOOK
980 _aNB